000 00238nam a22001097a 4500
003 OSt
008 241206b |||||||| |||| 00| 0 eng d
041 _aeng
100 _aBalakrishnan
_94458
245 _aPluto Priyappetta Pluto
942 _cBK
999 _c18330
_d18330